000 00194nam a2200073Ia 4500
008 170617s9999 xx 000 0 und d
100 _aPanda-U.N
245 0 _aHand Book of Gynaecology and Obstetrics
260 _bKumar Publishing
999 _c12722
_d12722